Panel (Record no. 2557)
[ view plain ]
| 000 -BAŞLIK | |
|---|---|
| Sabit Uzunlukta Kontrol Alanı | 00902na a2200241 4500 |
| 001 - KONTROL NUMARASI | |
| Denetim Alanı | 19882 |
| 003 - KONTROL NUMARASI IDENTIFIER | |
| Denetim Alanı | MIRAKIL |
| 005 - SON İŞLEM TARİHİ VE ZAMANI | |
| Denetim Alanı | 20181213154902.0 |
| 008 - SABİT-BOY VERİ ELEMANLARI - GENEL BİLGİLER | |
| Sabit Uzunlukta Kontrol Alanı | 161228b tu 000 0 |
| 040 ## - KATALOGLAMA KAYNAK | |
| Orijinal Kataloglama Ajansı | Milas |
| Kataloglama Dili | tur |
| Metne Dönüştürmek Ajansı | TR-AnCHP |
| 041 ## - DİL KODU | |
| Metin / Ses Parça Veya Ayrı Başlığın Dil Kodu | tur |
| 082 ## - DEWEY ONLU SINIFLANDIRMA NUMARASI | |
| Sınıflandırma Numarası | 337.142 |
| Ürün Numarası | A86 2005 |
| 090 ## - SINIFLAMA NUMARASI | |
| Sınıflama Numarası | 337.142 A86 2005 |
| 111 ## - ANA GİRİŞ - TOPLANTI ADI | |
| Giriş Elemanı Olarak Toplantı Adı Veya Yargı Alanı Adı | Avrupa Birliği ve 3 Ekim Sonrası Süreç [Paneli] |
| Toplantı Veya Antlaşma İmzalandığı Tarihi | 2005 |
| 245 ## - BAŞLIK TABLOSU | |
| Başlık | Panel |
| Başlığın Kalan | "Avrupa Birliği ve 3 ekim sonrası süreç" |
| Sorumluluk Tablosu, Vb | Başkent Üniversitesi Stratejik Araştırmalar Merkezi |
| 246 ## - UNVAN FORM VARYING | |
| Başlık Doğru / Kısa Başlığı | Avrupa Birliği ve 3 ekim sonrası süreç |
| 260 ## - YAYIN, DAĞITIM, VB | |
| Yayın, Dağıtım, Vb Yeri | Ankara |
| Yayıncı, Dağıtıcı, Vs Adı | Başkent Üniversitesi Stratejik Araştırmalar Merkezi |
| Yayın, Dağıtım, Vb Tarihi | 2005 |
| 300 ## - FİZİKSEL TANIM | |
| Kapsam | 55 s. |
| Boyutlar | 24 sm. |
| 650 ## - KONU KATMA GİRİŞ - TOPİKAL DÖNEM | |
| Topikal Süreli Veya Coğrafi Ad Giriş Elemanı | Avrupa Birliği |
| Genel Alt Bölümü | Katılım müzakereleri |
| Kronolojik Alt Bölümü | Toplantılar |
| 651 ## - KONU KATMA GİRİŞ - COĞRAFİ ADI | |
| Coğrafi İsim | Türkiye |
| Genel Alt Bölümü | Avrupa Birliğine Uyum |
| Kronolojik Alt Bölümü | Müzakereler |
| 710 ## - KATMA GİRİŞ - KURUMSAL ADI | |
| Giriş Elemanı Olarak Kurumsal Ad Veya Yargı Alanı Adı | Başkent Üniversitesi Stratejik Araştırmalar Merkezi |
| 942 ## - EKLENDİ GİRİŞ ELEMANLARI (KOHA) | |
| Sınıflandırma Veya Raf Düzeni Kaynak | Dewey Decimal Classification |
| Koha Öğesi Türü | Books |
| 999 ## - SİSTEM KONTROL NUMARALARI (KOHA) | |
| Koha Biblionumber | 2557 |
| Koha Biblioitemnumber | 2557 |
| Kalıcı Konum | Mevcut Konum | Edinme Tarihi | Edinim Kaynak | Toplam Check-Out'Lar | Tam Çağrı Numarası | Barkod | Tarih Son Görülme | İtibaren Geçerli Fiyatlar | Koha Öğesi Türü |
|---|---|---|---|---|---|---|---|---|---|
| CHP Kütüphanesi | CHP Kütüphanesi | 12/28/2016 | Bağış | 337.142 A86 2005 | 010345 | 12/28/2016 | 12/28/2016 | Books |
